| 000 | 00363nam a2200157Ia 4500 | ||
|---|---|---|---|
| 008 | 230312s9999||||xx |||||||||||||| ||und|| | ||
| 020 | _a0-316-94760-1 | ||
| 082 |
_a616.81 _bWIE-S |
||
| 100 | _aWiebers;David.O | ||
| 245 | 0 | _aHankbook of Stroke | |
| 260 |
_bLippincott _aUSA _c1997 |
||
| 300 | _a430 | ||
| 546 | _aEng. | ||
| 650 |
_aMedical _vStroke |
||
| 942 | _cBK | ||
| 999 |
_c7023 _d7023 |
||